[Event "SN-2018-0-00940"]
[Site "LSS email"]
[Date "2018.08.31"]
[Round "?"]
[White "Tolnai, Rudolf"]
[Black "Puri, Chaand"]
[Result "1-0"]
[WhiteElo "893"]
[BlackElo "457"]
[PlyCount "63"]
[EventDate "2018.08.05"]
[EventType "tourn (corr)"]
[EventRounds "6"]
[EventCountry "GER"]
[SourceTitle "Corr 2022"]
[Source "ChessBase"]
[SourceDate "2021.10.24"]
[SourceVersion "1"]
[SourceVersionDate "2021.10.24"]
[SourceQuality "1"]

1. e4 e5 2. Bc4 Qe7 3. Qf3 Nc6 4. c3 Nf6 5. h3 g6 6. Ne2 Bg7 7. d3 0-0 8. Bg5 d6 9. 0-0 a6 10. Nd2 b5 11. Bb3 Be6 12. Ng3 h6 13. Bxf6 Bxf6 14. Bxe6 Qxe6 15. Nb3 a5 16. d4 a4 17. d5 Qe7 18. Nd2 Nd8 19. Qg4 h5 20. Nxh5 Kh7 21. Nxf6+ Qxf6 22. f4 exf4 23. Rxf4 Qg7 24. Raf1 Nb7 25. Qh4+ Kg8 26. Qe7 Rac8 27. Nf3 Rfe8 28. Qh4 f5 29. exf5 Nc5 30. f6 Qf7 31. Ng5 Qxd5 32. Qh7+ 1-0

[Event "SN-2018-0-00940"]
[Site "LSS email"]
[Date "2018.08.30"]
[Round "?"]
[White "Puri, Chaand"]
[Black "Neuhausen, Rainer"]
[Result "0-1"]
[WhiteElo "457"]
[BlackElo "916"]
[PlyCount "126"]
[EventDate "2018.08.05"]
[EventType "tourn (corr)"]
[EventRounds "6"]
[EventCountry "GER"]
[SourceTitle "Corr 2022"]
[Source "ChessBase"]
[SourceDate "2021.10.24"]
[SourceVersion "1"]
[SourceVersionDate "2021.10.24"]
[SourceQuality "1"]

1. d4 d5 2. Nc3 Nf6 3. h3 e6 4. Nf3 Be7 5. a3 0-0 6. Bf4 c5 7. Ne5 Nbd7 8. e3 cxd4 9. Qxd4 Bc5 10. Qd3 Nb8 11. b4 Bb6 12. Be2 Nbd7 13. 0-0 Nxe5 14. Bxe5 Bd7 15. a4 a6 16. a5 Bc7 17. Qd4 Bxe5 18. Qxe5 Qb8 19. Qd4 Qa7 20. Rad1 Qxd4 21. Rxd4 e5 22. Rd2 Be6 23. Bf3 Rad8 24. Rfd1 e4 25. Bg4 Nxg4 26. Ne2 Nf6 27. Nf4 Rfe8 28. c4 g5 29. Nxd5 Bxd5 30. cxd5 Rd6 31. Rc2 Rxd5 32. Rdc1 Red8 33. Rc8 Kg7 34. R1c7 Rxc8 35. Rxc8 Rb5 36. Rc4 Kg6 37. g4 h5 38. Rc8 hxg4 39. hxg4 Nxg4 40. Rg8+ Kf6 41. Kg2 Rxb4 42. Kg3 Nh6 43. Rh8 Kg7 44. Rd8 Ra4 45. Rd5 Kg6 46. Rd6+ f6 47. Rd5 Nf7 48. Kg4 Ra2 49. f3 Ne5+ 50. Kg3 Nxf3 51. Kg4 Ne5+ 52. Kg3 Nc4 53. Rd8 Nxe3 54. Rg8+ Kf5 55. Rxg5+ Kxg5 56. Kh3 Rxa5 57. Kg3 b5 58. Kf2 Ng4+ 59. Kg3 e3 60. Kf3 Ra2 61. Ke4 e2 62. Kf3 e1R 63. Kg3 Re3# 0-1

[Event "SN-2018-0-00905"]
[Site "LSS email"]
[Date "2018.01.14"]
[Round "?"]
[White "Puri, Chaand"]
[Black "Neumann, Otto"]
[Result "0-1"]
[WhiteElo "468"]
[BlackElo "849"]
[PlyCount "80"]
[EventDate "2017.12.31"]
[EventType "tourn (corr)"]
[EventRounds "6"]
[EventCountry "GER"]
[SourceTitle "Corr 2022"]
[Source "ChessBase"]
[SourceDate "2021.10.24"]
[SourceVersion "1"]
[SourceVersionDate "2021.10.24"]
[SourceQuality "1"]

1. d4 Nf6 2. Nf3 d5 3. Bf4 e6 4. g3 Bd6 5. a3 Bd7 6. Nc3 Bxf4 7. Bg2 Bd6 8. 0-0 0-0 9. Qd3 a6 10. b4 b6 11. Ng5 h6 12. Nf3 c5 13. e4 dxe4 14. Nxe4 Be7 15. Nxf6+ Bxf6 16. Rae1 cxd4 17. Nxd4 Ra7 18. c3 Qc7 19. Re4 Nc6 20. f4 Rd8 21. a4 Nxd4 22. cxd4 Bxa4 23. Qd2 Bb5 24. Rc1 Qd6 25. g4 Bc6 26. Re2 Bxd4+ 27. Kf1 Bb5 28. Rc2 Bxe2+ 29. Kxe2 Qe7 30. Rc4 Bg1 31. Qc1 Bxh2 32. Rc8 Rad7 33. f5 exf5+ 34. Kf2 Qh4+ 35. Kf3 Qxg4+ 36. Kf2 Qg3+ 37. Kf1 Kh7 38. Rxd8 Rxd8 39. Qe1 Qf4+ 40. Bf3 Qxf3+ 0-1

[Event "SN-2018-0-00905"]
[Site "LSS email"]
[Date "2018.01.14"]
[Round "?"]
[White "Puri, Chaand"]
[Black "Ortiz, Juan Guillermo"]
[Result "1-0"]
[WhiteElo "468"]
[BlackElo "479"]
[PlyCount "67"]
[EventDate "2017.12.31"]
[EventType "tourn (corr)"]
[EventRounds "6"]
[EventCountry "GER"]
[SourceTitle "Corr 2022"]
[Source "ChessBase"]
[SourceDate "2021.10.24"]
[SourceVersion "1"]
[SourceVersionDate "2021.10.24"]
[SourceQuality "1"]

1. d4 d5 2. Nf3 Nf6 3. g3 g6 4. Bf4 Bg7 5. Nc3 0-0 6. Bg2 c6 7. 0-0 Nh5 8. e3 Nxf4 9. exf4 Nd7 10. b4 a5 11. b5 Nb6 12. bxc6 bxc6 13. Ng5 h5 14. Ne2 Bg4 15. h3 Bxe2 16. Qxe2 Na4 17. Rac1 Nc3 18. Qd3 Ne4 19. Nxe4 dxe4 20. Bxe4 Rc8 21. c3 Qb6 22. Rb1 Qc7 23. Rb3 Qd7 24. Kg2 e6 25. Rfb1 Kh7 26. Rb7 Qd6 27. Qa6 Kh6 28. Qxa5 f5 29. Bd3 Bf6 30. Ra7 Bd8 31. Qa6 Qd5+ 32. f3 h4 33. Qb7 Bf6 34. Qh7# 1-0

[Event "SN-2017-0-00843"]
[Site "LSS email"]
[Date "2017.04.16"]
[Round "?"]
[White "Strnad, Pavel"]
[Black "Puri, Chaand"]
[Result "1-0"]
[WhiteElo "472"]
[BlackElo "482"]
[PlyCount "117"]
[EventDate "2017.03.27"]
[EventType "tourn (corr)"]
[EventRounds "6"]
[EventCountry "GER"]
[SourceTitle "Corr 2022"]
[Source "ChessBase"]
[SourceDate "2021.10.24"]
[SourceVersion "1"]
[SourceVersionDate "2021.10.24"]
[SourceQuality "1"]

1. e4 e5 2. Nf3 Nc6 3. Bb5 Nf6 4. Nc3 Bc5 5. 0-0 0-0 6. d3 a6 7. Ba4 b5 8. Bb3 d6 9. h3 Be6 10. Bxe6 fxe6 11. Ng5 h6 12. Nxe6 Qe7 13. Nxc5 Nb4 14. a3 Nc6 15. Be3 dxc5 16. Qe2 b4 17. axb4 cxb4 18. Nd1 a5 19. b3 Nd4 20. Bxd4 exd4 21. f3 c5 22. Qd2 Nh5 23. Qf2 Nf4 24. Nb2 Qg5 25. Kh1 Rf6 26. Kh2 Nxg2 27. Qxg2 Qxg2+ 28. Kxg2 Rg6+ 29. Kh2 Rga6 30. f4 g5 31. fxg5 hxg5 32. Rg1 Rg6 33. Nc4 Rf8 34. Rg2 Rf7 35. Ne5 g4 36. Nxg6 gxh3 37. Ne5+ Rg7 38. Rxg7+ Kxg7 39. Kxh3 Kf6 40. Nd7+ Ke6 41. Nxc5+ Ke5 42. Rxa5 Kf4 43. Ne6+ Ke3 44. Nxd4 Kd2 45. e5 Kc3 46. e6 Kxd4 47. e7 Kc3 48. e8Q Kxc2 49. Qe2+ Kxb3 50. Rb5 Kc3 51. Rxb4 Kxb4 52. d4 Ka5 53. d5 Kb6 54. Qc2 Kb7 55. d6 Kb8 56. d7 Kb7 57. d8Q Ka7 58. Qdc7+ Ka6 59. Qa4# 1-0

[Event "SN-2017-0-00833"]
[Site "LSS email"]
[Date "2017.02.21"]
[Round "?"]
[White "Puri, Chaand"]
[Black "Tassinati, Mirco"]
[Result "1/2-1/2"]
[WhiteElo "479"]
[BlackElo "422"]
[PlyCount "80"]
[EventDate "2017.02.01"]
[EventType "tourn (corr)"]
[EventRounds "6"]
[EventCountry "GER"]
[SourceTitle "Corr 2022"]
[Source "ChessBase"]
[SourceDate "2021.10.24"]
[SourceVersion "1"]
[SourceVersionDate "2021.10.24"]
[SourceQuality "1"]

1. e4 e5 2. Nf3 Nf6 3. Nc3 Bb4 4. Bc4 0-0 5. 0-0 Nc6 6. a3 Bxc3 7. bxc3 d5 8. exd5 Na5 9. Be2 Qxd5 10. d4 Ne4 11. Nxe5 Qe6 12. Bg4 Qg6 13. h3 Bxg4 14. Nxg4 Rad8 15. Ne5 Qe6 16. Qe1 Nd6 17. f3 Nac4 18. a4 Nxe5 19. dxe5 Nc4 20. Rb1 Qxe5 21. Rxb7 a5 22. Rb5 Qxe1 23. Rxe1 Nd6 24. Rxa5 Nc4 25. Rc5 Nb6 26. Re4 Rd1+ 27. Kh2 Rxc1 28. Re2 Nxa4 29. Rxc7 h6 30. c4 Rd8 31. Rce7 Nc3 32. R2e5 Rxc2 33. c5 Nd5 34. Re8+ Rxe8 35. Rxe8+ Kh7 36. Rd8 Rxc5 37. Rd7 Kg6 38. g3 Nb6 39. Rd6+ f6 40. Rxb6 Rc2+ 1/2-1/2

[Event "LSS No Engine Cup 162 Preliminary 0"]
[Site "LSS email"]
[Date "2016.11.21"]
[Round "?"]
[White "Boni, Roberto"]
[Black "Puri, Chaand"]
[Result "1-0"]
[WhiteElo "1845"]
[BlackElo "1600"]
[PlyCount "95"]
[EventDate "2016.11.22"]
[EventType "tourn (corr)"]
[EventRounds "6"]
[EventCountry "GER"]
[SourceTitle "Corr 2022"]
[Source "ChessBase"]
[SourceDate "2021.10.24"]
[SourceVersion "1"]
[SourceVersionDate "2021.10.24"]
[SourceQuality "1"]

1. e4 e5 2. Nf3 Nc6 3. Bc4 Qf6 4. d3 Bc5 5. Nc3 Nge7 6. Nd5 Nxd5 7. Bxd5 0-0 8. Bg5 Qg6 9. h4 Nd4 10. Nxe5 Qd6 11. Nf3 Ne6 12. Be3 b6 13. Bxa8 Ba6 14. Bd5 c6 15. Bxe6 Qxe6 16. Bxc5 bxc5 17. 0-0 h6 18. c4 Qg6 19. Qa4 Bc8 20. Qxa7 d6 21. Rfe1 Bh3 22. g3 Qg4 23. Re3 Re8 24. Nh2 Qe6 25. Qc7 Re7 26. Qxc6 Qe5 27. a4 Qxb2 28. Rae1 Qb7 29. Qxd6 Qc7 30. Qxc7 Rxc7 31. g4 Bxg4 32. Nxg4 Rc6 33. e5 Rg6 34. f3 h5 35. e6 fxe6 36. Rxe6 Kh7 37. Rxg6 Kxg6 38. Ne5+ Kf5 39. Nd7 Kf4 40. Kf2 g5 41. hxg5 Kxg5 42. a5 Kh4 43. a6 Kg5 44. a7 h4 45. a8Q Kf4 46. Qf8+ Kg5 47. Rg1+ Kh5 48. Qh8# 1-0

[Event "LSS No Engine Cup 162 Preliminary 0"]
[Site "LSS email"]
[Date "2016.11.21"]
[Round "?"]
[White "Puri, Chaand"]
[Black "Snitselaar, Jerry"]
[Result "0-1"]
[WhiteElo "1600"]
[BlackElo "1500"]
[PlyCount "26"]
[EventDate "2016.11.22"]
[EventType "tourn (corr)"]
[EventRounds "6"]
[EventCountry "GER"]
[SourceTitle "Corr 2022"]
[Source "ChessBase"]
[SourceDate "2021.10.24"]
[SourceVersion "1"]
[SourceVersionDate "2021.10.24"]
[SourceQuality "1"]

1. e4 e6 2. Nf3 d5 3. Bd3 Nf6 4. Qe2 Be7 5. Nc3 0-0 6. 0-0 c5 7. exd5 Nxd5 8. Nxd5 exd5 9. c3 Nc6 10. b3 Bd6 11. Ng5 Qxg5 12. Bb5 Qh6 13. d3 Qxh2# 0-1

[Event "LSS No Engine Cup 162 Preliminary 0"]
[Site "LSS email"]
[Date "2016.11.21"]
[Round "?"]
[White "Puri, Chaand"]
[Black "Verich, Oleg"]
[Result "0-1"]
[WhiteElo "1600"]
[BlackElo "1529"]
[PlyCount "88"]
[EventDate "2016.11.22"]
[EventType "tourn (corr)"]
[EventRounds "6"]
[EventCountry "GER"]
[SourceTitle "Corr 2022"]
[Source "ChessBase"]
[SourceDate "2021.10.24"]
[SourceVersion "1"]
[SourceVersionDate "2021.10.24"]
[SourceQuality "1"]

1. e4 e5 2. Nf3 Nc6 3. Bc4 Nf6 4. Nc3 Bc5 5. 0-0 0-0 6. d3 d6 7. a3 Bg4 8. h3 Bh5 9. Bg5 h6 10. Bxf6 Qxf6 11. Bd5 Rab8 12. Nb5 Bb6 13. Qd2 Bxf3 14. gxf3 Qxf3 15. Kh2 Ne7 16. Rg1 Qf6 17. Rg4 c6 18. Bc4 cxb5 19. Bxb5 a6 20. Rag1 Ng6 21. Bc4 Kh7 22. R1g3 Qxf2+ 23. Qxf2 Bxf2 24. Rg2 Be3 25. R2g3 Bf4 26. d4 Bxg3+ 27. Rxg3 Nf4 28. d5 b5 29. Bf1 f5 30. exf5 Rxf5 31. b4 Rc8 32. Bd3 Nxd3 33. h4 Rxc2+ 34. Kh3 Nf2+ 35. Kh2 Ne4+ 36. Rg2 Rxg2+ 37. Kxg2 Kg6 38. Kh3 Rf3+ 39. Kg2 Rf2+ 40. Kg1 Kf5 41. a4 Kg4 42. axb5 axb5 43. h5 Kg3 44. Kh1 Rf1# 0-1

[Event "LSS No Engine Cup 162 Preliminary 0"]
[Site "LSS email"]
[Date "2016.11.21"]
[Round "?"]
[White "Raines, David T"]
[Black "Puri, Chaand"]
[Result "1-0"]
[WhiteElo "1367"]
[BlackElo "1600"]
[PlyCount "65"]
[EventDate "2016.11.22"]
[EventType "tourn (corr)"]
[EventRounds "6"]
[EventCountry "GER"]
[SourceTitle "Corr 2022"]
[Source "ChessBase"]
[SourceDate "2021.10.24"]
[SourceVersion "1"]
[SourceVersionDate "2021.10.24"]
[SourceQuality "1"]

1. e4 e5 2. Nf3 Nc6 3. Bc4 Nf6 4. Ng5 Qe7 5. Bxf7+ Kd8 6. Bb3 d5 7. exd5 Nd4 8. 0-0 Bg4 9. f3 Bf5 10. Ne6+ Nxe6 11. dxe6 Bxe6 12. Nc3 Qd7 13. d3 Bc5+ 14. Kh1 Re8 15. Ba4 c6 16. Ne4 Nxe4 17. fxe4 Bg4 18. Qe1 b5 19. Bg5+ Be7 20. Bxe7+ Qxe7 21. Bb3 a5 22. a3 a4 23. Ba2 Qc5 24. Qh4+ Qe7 25. Qxg4 g6 26. Rf7 Qd6 27. Raf1 h5 28. Qg5+ Re7 29. Rf8+ Kc7 30. Rxa8 c5 31. Ra7+ Kb6 32. Rxe7 Qd8 33. Qf6+ 1-0

[Event "SN-2016-0-00810"]
[Site "LSS email"]
[Date "2016.11.15"]
[Round "?"]
[White "Neuhausen, Rainer"]
[Black "Puri, Chaand"]
[Result "0-1"]
[WhiteElo "980"]
[BlackElo "465"]
[PlyCount "52"]
[EventDate "2016.11.05"]
[EventType "tourn (corr)"]
[EventRounds "6"]
[EventCountry "GER"]
[SourceTitle "Corr 2022"]
[Source "ChessBase"]
[SourceDate "2021.10.24"]
[SourceVersion "1"]
[SourceVersionDate "2021.10.24"]
[SourceQuality "1"]

1. d4 d5 2. Nf3 Bf5 3. Nh4 e6 4. Nxf5 exf5 5. e3 Bd6 6. Bd3 Qd7 7. Qf3 g6 8. 0-0 Nc6 9. Nc3 Nf6 10. Nb5 0-0 11. Nxd6 Qxd6 12. Qh3 Rae8 13. a3 a6 14. b4 b5 15. Bb2 Nd8 16. Rae1 Ne6 17. Qh4 Qd8 18. Qg3 c6 19. Qf3 Ng5 20. Qg3 h6 21. Qh4 Kh7 22. Bc1 Nfe4 23. Bxe4 Rxe4 24. Qg3 Rg4 25. Qe5 Re4 26. Qg3 Rg4 0-1

[Event "SN-2016-0-00810"]
[Site "LSS email"]
[Date "2016.11.14"]
[Round "?"]
[White "Pehl, Ferenc"]
[Black "Puri, Chaand"]
[Result "1/2-1/2"]
[WhiteElo "973"]
[BlackElo "465"]
[PlyCount "75"]
[EventDate "2016.11.05"]
[EventType "tourn (corr)"]
[EventRounds "6"]
[EventCountry "GER"]
[SourceTitle "Corr 2022"]
[Source "ChessBase"]
[SourceDate "2021.10.24"]
[SourceVersion "1"]
[SourceVersionDate "2021.10.24"]
[SourceQuality "1"]

1. e4 e5 2. Nf3 Nc6 3. Bb5 Bc5 4. 0-0 Nf6 5. Re1 0-0 6. d3 a6 7. Bxc6 dxc6 8. h3 Be6 9. Be3 Bb4 10. c3 Ba5 11. b4 Bb6 12. Bxb6 cxb6 13. a4 Qd6 14. Na3 c5 15. Qd2 Bb3 16. Nc4 Qe6 17. Ncxe5 h6 18. Qb2 a5 19. b5 c4 20. dxc4 Bxc4 21. Nxc4 Qxc4 22. e5 Nd5 23. Ra3 Rac8 24. Rc1 Nf4 25. Rc2 Nd3 26. Qb3 Qxb3 27. Rxb3 Rfd8 28. Rd2 Nc1 29. Rxd8+ Rxd8 30. Rb1 Ne2+ 31. Kf1 Nxc3 32. Ra1 f6 33. exf6 gxf6 34. Ke1 Re8+ 35. Kd2 Ne4+ 36. Ke1 Nc3+ 37. Kd2 Ne4+ 38. Ke2 1/2-1/2

[Event "SN-2016-0-00810"]
[Site "LSS email"]
[Date "2016.11.14"]
[Round "?"]
[White "Puri, Chaand"]
[Black "Wakeham, Marc R"]
[Result "0-1"]
[WhiteElo "465"]
[BlackElo "729"]
[PlyCount "128"]
[EventDate "2016.11.05"]
[EventType "tourn (corr)"]
[EventRounds "6"]
[EventCountry "GER"]
[SourceTitle "Corr 2022"]
[Source "ChessBase"]
[SourceDate "2021.10.24"]
[SourceVersion "1"]
[SourceVersionDate "2021.10.24"]
[SourceQuality "1"]

1. e4 d6 2. Nc3 Nf6 3. Bc4 g6 4. Nf3 Bg7 5. 0-0 0-0 6. d3 Bg4 7. h3 Bd7 8. Bf4 a6 9. a3 Nc6 10. d4 Rb8 11. d5 Na7 12. e5 dxe5 13. Nxe5 b5 14. Bd3 a5 15. Be3 Nc8 16. Qf3 Ne8 17. Qg3 Ncd6 18. Qh2 Nf6 19. Rfe1 b4 20. axb4 axb4 21. Ne4 Nfxe4 22. Nc4 Nxc4 23. Bxc4 Bxb2 24. Ra2 Bg7 25. Bd3 Nc3 26. Ra5 b3 27. Bc5 b2 28. f3 b1Q 29. Rxb1 Rxb1+ 30. Kf2 c6 31. Ra3 Nxd5 32. c4 Nc3 33. Bxb1 Nxb1 34. Re3 Re8 35. Re1 Nd2 36. Qf4 Nb3 37. Bb4 Bd4+ 38. Kf1 c5 39. Bd2 Nxd2+ 40. Qxd2 Be6 41. Qc2 Bf5 42. Qb3 Qa5 43. Qb5 Qxb5 44. cxb5 Bd3+ 45. Re2 Bxe2+ 46. Kxe2 Rb8 47. Kd3 Rxb5 48. Kc4 Rb2 49. g3 Rg2 50. g4 Rf2 51. Kd5 Rxf3 52. h4 Rf4 53. h5 Rxg4 54. Kc6 gxh5 55. Kd7 Re4 56. Ke8 c4 57. Kd7 c3 58. Kc6 c2 59. Kd5 Re2 60. Kxd4 c1Q 61. Kd3 Qd1+ 62. Kc4 Rc2+ 63. Kb3 Qb1+ 64. Ka3 Ra2# 0-1

[Event "SN-2015-0-00721"]
[Site "LSS email"]
[Date "2015.12.23"]
[Round "?"]
[White "Puri, Chaand"]
[Black "Dittmer, Lutz Michael"]
[Result "1-0"]
[WhiteElo "492"]
[BlackElo "505"]
[PlyCount "23"]
[EventDate "2015.11.24"]
[EventType "tourn (corr)"]
[EventRounds "6"]
[EventCountry "GER"]
[SourceTitle "Corr 2022"]
[Source "ChessBase"]
[SourceDate "2021.10.24"]
[SourceVersion "1"]
[SourceVersionDate "2021.10.24"]
[SourceQuality "1"]

1. e4 e5 2. Nf3 c6 3. Bc4 f6 4. d3 Bc5 5. 0-0 d5 6. exd5 cxd5 7. Bb5+ Nc6 8. Be3 Be6 9. Nc3 Qd6 10. a3 0-0-0 11. b4 Bb6 12. Bxb6 1-0

[Event "SN-2014-0-00649"]
[Site "LSS email"]
[Date "2014.12.28"]
[Round "?"]
[White "Puri, Chaand"]
[Black "Smith, Harry"]
[Result "0-1"]
[WhiteElo "518"]
[BlackElo "649"]
[PlyCount "118"]
[EventDate "2014.12.09"]
[EventType "tourn (corr)"]
[EventRounds "6"]
[EventCountry "GER"]
[SourceTitle "Corr 2022"]
[Source "ChessBase"]
[SourceDate "2021.10.24"]
[SourceVersion "1"]
[SourceVersionDate "2021.10.24"]
[SourceQuality "1"]

1. e4 e6 2. Nf3 d5 3. exd5 Qxd5 4. Nc3 Qd8 5. Bc4 Bd7 6. 0-0 Nf6 7. d3 Bd6 8. Be3 0-0 9. Ne4 Nxe4 10. dxe4 b5 11. Qd4 bxc4 12. Bg5 Be7 13. e5 Bxg5 14. Qe4 Bc6 15. Qxc4 Bh6 16. Nh4 Bd5 17. Qg4 Nc6 18. b3 Nxe5 19. Qd4 Bg5 20. f4 Nc6 21. Qf2 Bxh4 22. g3 Bf6 23. Rad1 Nb4 24. c4 c6 25. cxd5 cxd5 26. Qd2 Qb6+ 27. Rf2 Rad8 28. a3 Nc6 29. Kg2 Qxb3 30. Rf3 Qb5 31. g4 Qa4 32. g5 Be7 33. Qe2 g6 34. Rdd3 Na5 35. Qf2 Nc4 36. Qh4 Qc2+ 37. Kg3 Qc1 38. Rc3 Qe1+ 39. Kh3 Qxh4+ 40. Kxh4 Nd2 41. Rh3 Bd6 42. Kg4 h5+ 43. gxh6 Ne4 44. h7+ Kh8 45. a4 Nf2+ 46. Kg3 Nxh3 47. Kxh3 Bxf4 48. Rf3 e5 49. Rd3 Kxh7 50. Kg2 e4 51. Rh3+ Kg7 52. Rh4 g5 53. Rg4 d4 54. Kf2 d3 55. Ke1 e3 56. h4 d2+ 57. Kd1 e2+ 58. Kxe2 d1Q+ 59. Kf2 Rd2# 0-1

[Event "SN-2014-0-00628"]
[Site "LSS email"]
[Date "2014.09.25"]
[Round "?"]
[White "Brough, Carl"]
[Black "Puri, Chaand"]
[Result "1-0"]
[WhiteElo "701"]
[BlackElo "540"]
[PlyCount "57"]
[EventDate "2014.09.13"]
[EventType "tourn (corr)"]
[EventRounds "6"]
[EventCountry "GER"]
[SourceTitle "Corr 2015"]
[Source "ChessBase"]
[SourceDate "2015.07.17"]
[SourceVersion "1"]
[SourceVersionDate "2015.07.17"]
[SourceQuality "1"]

1. d4 d5 2. c4 e6 3. a3 Nf6 4. Nc3 Bd6 5. Nf3 0-0 6. Bg5 Nc6 7. c5 Be7 8. h3 b6 9. b4 Nh5 10. Bxe7 Qxe7 11. e3 a6 12. Be2 Qf6 13. Ne5 Nxe5 14. dxe5 Qxe5 15. Qc2 bxc5 16. 0-0 Nf6 17. Rad1 cxb4 18. axb4 Rb8 19. Rd4 Bd7 20. Rh4 g6 21. Rd1 g5 22. Rh6 Rxb4 23. Bd3 Ne4 24. Nxe4 Kg7 25. Rh5 Ba4 26. Rxg5+ Qxg5 27. Qc3+ Kg8 28. Nxg5 Rb3 29. Bxh7# 1-0

[Event "SN-2014-0-00628"]
[Site "LSS email"]
[Date "2014.09.25"]
[Round "?"]
[White "Puri, Chaand"]
[Black "Amuso, Jose Alberto"]
[Result "0-1"]
[WhiteElo "540"]
[BlackElo "797"]
[PlyCount "100"]
[EventDate "2014.09.13"]
[EventType "tourn (corr)"]
[EventRounds "6"]
[EventCountry "GER"]
[SourceTitle "Corr 2015"]
[Source "ChessBase"]
[SourceDate "2015.07.17"]
[SourceVersion "1"]
[SourceVersionDate "2015.07.17"]
[SourceQuality "1"]

1. e4 e6 2. Bc4 d5 3. Bd3 Qg5 4. Nf3 Qxg2 5. Rg1 Qh3 6. Ng5 Qxh2 7. Qg4 h5 8. Qg3 Qxg3 9. Rxg3 h4 10. Rh3 f6 11. Nf3 g5 12. exd5 exd5 13. Bg6+ Kd8 14. d4 Bxh3 15. Nc3 Bg2 16. Ng1 h3 17. Nxh3 Rxh3 18. Bf5 Rh1+ 19. Ke2 Nc6 20. Be6 Nge7 21. a4 Nxd4+ 22. Kd2 Nxe6 23. Ra3 d4 24. Nb5 a6 25. Rg3 Bf1 26. b3 Bxb5 27. axb5 axb5 28. Kd3 Rxc1 29. Rh3 Nf4+ 30. Kxd4 Rxc2 31. Rh8 Kd7 32. Ke4 Neg6 33. Rh7+ Be7 34. Kf5 Rxf2 35. b4 Nh4+ 36. Kg4 Ra3 37. Rxe7+ Kd8 38. Re2 Nxe2 39. Kh5 Rh2 40. Kg4 Rg3+ 41. Kh5 g4 42. Kh6 Nf4 43. Kg7 Nf5+ 44. Kf7 Re3 45. Kxf6 Re6+ 46. Kxf5 g3 47. Kxf4 g2 48. Kf5 Kd7 49. Kf4 g1Q 50. Kf3 Rf2# 0-1

[Event "SN-2014-0-00613"]
[Site "LSS email"]
[Date "2014.07.27"]
[Round "?"]
[White "Puri, Chaand"]
[Black "Heineccius, August"]
[Result "1-0"]
[WhiteElo "540"]
[BlackElo "386"]
[PlyCount "59"]
[EventDate "2014.07.12"]
[EventType "tourn (corr)"]
[EventRounds "6"]
[EventCountry "GER"]
[SourceTitle "Corr 2015"]
[Source "ChessBase"]
[SourceDate "2015.07.17"]
[SourceVersion "1"]
[SourceVersionDate "2015.07.17"]
[SourceQuality "1"]

1. e4 c5 2. Bc4 e6 3. Nf3 a6 4. 0-0 Nf6 5. Nc3 b5 6. Be2 b4 7. Na4 Qa5 8. b3 d6 9. d3 Be7 10. e5 Nd5 11. exd6 Bxd6 12. g3 Bd7 13. Bf4 Qc7 14. Qd2 e5 15. Bg5 f6 16. Be3 g5 17. a3 g4 18. Nh4 Bb5 19. Nb2 Qd7 20. axb4 Be7 21. bxc5 Nc6 22. Qd1 f5 23. c4 Nc3 24. Qd2 Nxe2+ 25. Qxe2 Nd4 26. Bxd4 Bxc4 27. Nxc4 exd4 28. Qe5 Rf8 29. b4 Kd8 30. Nb6 1-0

[Event "SN-2014-0-00605"]
[Site "LSS email"]
[Date "2014.06.20"]
[Round "?"]
[White "Linart, Ludvik"]
[Black "Puri, Chaand"]
[Result "1-0"]
[WhiteElo "922"]
[BlackElo "548"]
[PlyCount "89"]
[EventDate "2014.06.03"]
[EventType "tourn (corr)"]
[EventRounds "6"]
[EventCountry "GER"]
[SourceTitle "Corr 2015"]
[Source "ChessBase"]
[SourceDate "2015.07.17"]
[SourceVersion "1"]
[SourceVersionDate "2015.07.17"]
[SourceQuality "1"]

1. d4 d5 2. c4 c5 3. cxd5 Qxd5 4. Nf3 Nc6 5. Nc3 Qd6 6. Nb5 Qd7 7. e3 Nf6 8. Be2 a6 9. Nc3 e6 10. 0-0 Bd6 11. h3 0-0 12. Bd3 b6 13. dxc5 Bxc5 14. Qc2 Nb4 15. Qe2 Bb7 16. Rd1 b5 17. Bxh7+ Kxh7 18. Rxd7 Nxd7 19. a3 Nd5 20. Ne4 Bb6 21. Qd3 Nc5 22. Nxc5+ g6 23. Nd7 Rfd8 24. Nxb6 Nxb6 25. Qe2 Rac8 26. Bd2 Nc4 27. Ng5+ Kg7 28. Bc3+ f6 29. Nxe6+ Kf7 30. Nxd8+ Rxd8 31. b3 Nb6 32. Rd1 Rc8 33. Ba5 Na8 34. Rd7+ Ke6 35. Rxb7 Rc1+ 36. Kh2 Ra1 37. Qg4+ f5 38. Qxg6+ Ke5 39. Bc3+ Ke4 40. Re7+ Kd3 41. Bxa1 Ke2 42. Qxf5 Nb6 43. Kg3 Nc8 44. Qc2+ Kf1 45. Qd1# 1-0

[Event "SN-2014-0-00605"]
[Site "LSS email"]
[Date "2014.06.20"]
[Round "?"]
[White "Puri, Chaand"]
[Black "Simmons, Ernest"]
[Result "0-1"]
[WhiteElo "548"]
[BlackElo "760"]
[PlyCount "32"]
[EventDate "2014.06.03"]
[EventType "tourn (corr)"]
[EventRounds "6"]
[EventCountry "GER"]
[SourceTitle "Corr 2015"]
[Source "ChessBase"]
[SourceDate "2015.07.17"]
[SourceVersion "1"]
[SourceVersionDate "2015.07.17"]
[SourceQuality "1"]

1. e4 c5 2. Bc4 e6 3. d3 Nc6 4. Nf3 g6 5. Be3 Qb6 6. Qc1 Bg7 7. 0-0 Bxb2 8. Bxc5 Bxc1 9. Rxc1 Qxc5 10. Nc3 Nf6 11. Na4 Qe7 12. c3 0-0 13. Rab1 Na5 14. Rb4 Nxc4 15. Rxc4 Qa3 16. e5 Qxc1+ 0-1

[Event "SN-2014-0-00605"]
[Site "LSS email"]
[Date "2014.06.20"]
[Round "?"]
[White "Vontina, Maria"]
[Black "Puri, Chaand"]
[Result "1-0"]
[WhiteElo "670"]
[BlackElo "548"]
[PlyCount "85"]
[EventDate "2014.06.03"]
[EventType "tourn (corr)"]
[EventRounds "6"]
[EventCountry "GER"]
[SourceTitle "Corr 2015"]
[Source "ChessBase"]
[SourceDate "2015.07.17"]
[SourceVersion "1"]
[SourceVersionDate "2015.07.17"]
[SourceQuality "1"]

1. e4 e5 2. Nf3 Nc6 3. Bb5 a6 4. Ba4 Nf6 5. 0-0 Bc5 6. d3 b5 7. Bb3 Na5 8. c3 0-0 9. Bc2 d6 10. h3 Bb7 11. Bg5 h6 12. Bh4 g5 13. Bg3 b4 14. d4 Bxe4 15. Bxe4 Rb8 16. dxc5 dxc5 17. Bf5 e4 18. Nh2 Qd5 19. Qxd5 Nxd5 20. Bxe4 Rfd8 21. Bxd5 Rxd5 22. Bxc7 Rc8 23. Bxa5 Rc6 24. cxb4 c4 25. Nc3 Rd2 26. Rab1 Re6 27. Nf3 Rd7 28. Rbd1 Rde7 29. Rfe1 g4 30. hxg4 Rb7 31. Nd4 Rxe1+ 32. Rxe1 Rd7 33. Nf5 Rd2 34. Re2 Rd3 35. Nxh6+ Kg7 36. Nf5+ Kg6 37. f3 f6 38. Ne4 Rd1+ 39. Kf2 Ra1 40. a3 c3 41. Nxc3 Kg5 42. Ne4+ Kf4 43. Bc7# 1-0